000 00648nam a2200241 i 4500
001 C2-0115522
003 PPAK
005 20180727105240.0
008 970716s1987 nyu |||| ||||| | eng d
020 _a0393024423
040 _aPPAK
_beng
_cPPAK
_erda
082 0 4 _a081
_223
090 0 0 _a081
_bEPS
_dG
100 1 _aEpstein, Joseph,
_eauthor
245 1 0 _aOnce more around the block
264 1 _aNew York :
_bW.W. Norton 2 company ,
_c1987
300 _a308 pages ;
_c21 cm
336 _2rdacontent
_atext
337 _2rdamedia
_aunmediated
338 _2rdacarrier
_avolume
650 1 0 _aAmerican (Artificial language)
942 _ddc
_cB
999 _c29927
_d29927